PFA Premier League Team of the Year - 2010's - Statistics

General Stats
  • This quiz has been taken 255 times
  • The average score is 51 of 79
Answer Stats
Player % Correct
Ederson
97%
Sadio Mane
96%
Virgil van Dijk
96%
David de Gea
95%
Mohamed Salah
95%
Bernardo Silva
92%
Sergio Aguero
92%
Vincent Kompany
92%
N'Golo Kante
91%
Riyad Mahrez
91%
Andrew Robertson
90%
David Silva
90%
David Silva
90%
Eden Hazard
90%
Harry Kane
90%
Kevin De Bruyne
90%
Petr Cech
90%
Luis Suarez
89%
Dele Alli
87%
Alexis Sanchez
84%
Christian Eriksen
84%
Edwin van der Sar
84%
Romelu Lukaku
84%
Dimitar Berbatov
83%
Robin van Persie
83%
Didier Drogba
81%
Jamie Vardy
81%
Joe Hart
81%
Kyle Walker
81%
Jan Vertonghen
80%
Nemanja Vidic
80%
Yaya Toure
80%
John Terry
78%
Trent Alexander Arnold
78%
Wayne Rooney
78%
Gareth Bale
77%
Nicolás Otamendi
75%
Raheem Sterling
75%
Antonio Valencia
74%
Steven Gerrard
74%
Ashley Cole
73%
Nemanja Matic
72%
Branislav Ivanovic
70%
Carlos Tevez
67%
Fernandinho
67%
Gary Cahill
67%
Paul Pogba
67%
Toby Alderweireld
66%
Wes Morgan
65%
Diego Costa
60%
David Luiz
58%
Rio Ferdinand
58%
Nani
57%
Patrice Evra
57%
Cesc Fabregas
54%
Marcos Alonso
52%
Michael Carrick
51%
Aymeric Laporte
48%
Darren Fletcher
48%
Luke Shaw
48%
Pablo Zabaleta
48%
Juan Mata
45%
Daniel Sturridge
44%
Danny Rose
42%
Seamus Coleman
41%
Philippe Coutinho
38%
Bacary Sagna
37%
Leighton Baines
32%
Hector Bellerin
30%
Samir Nasri
29%
James Milner
28%
Thomas Vermaelen
22%
Dimitri Payet
14%
Richard Dunne
14%
Jack Wilshere
11%
Ryan Bertrand
11%
Fabricio Coloccini
9%
Adam Lallana
8%
Scott Parker
8%
No matching quizzes found
Score Distribution
Percent of People with Each Score
Percentile by Number Answered
Your Score History
You have not taken this quiz